Data structures, algorithms and Object-Oriented programming
Guardado en:
| Autor principal: | |
|---|---|
| Formato: | Libro |
| Lenguaje: | Undetermined |
| Publicado: |
New York, NY
The McGraw-Hill
1996
|
| Materias: | |
| Etiquetas: |
Agregar Etiqueta
Sin Etiquetas, Sea el primero en etiquetar este registro!
|
| Thư viện lưu trữ: | Trung tâm Học liệu Trường Đại học Cần Thơ |
|---|
| LEADER | 00576nam a2200169Ia 4500 | ||
|---|---|---|---|
| 001 | CTU_67177 | ||
| 008 | 210402s9999 xx 000 0 und d | ||
| 082 | |a 005.73 | ||
| 082 | |b H466 | ||
| 100 | |a Gregory L. Heileman | ||
| 245 | 0 | |a Data structures, algorithms and Object-Oriented programming | |
| 260 | |a New York, NY | ||
| 260 | |b The McGraw-Hill | ||
| 260 | |c 1996 | ||
| 650 | |a data structures ( computer science ),objected-oriented programming ( computer science ),programming ( mathematics ) | ||
| 904 | |i Minh | ||
| 980 | |a Trung tâm Học liệu Trường Đại học Cần Thơ | ||